Statistiche per Scene da film #2

Clicka qui per fare il quiz!

Statistiche generali

  • Questo quiz è stato fatto 157 volte
  • Il punteggio medio è 7 su 16

Statistiche sulle risposte

Risposta% Corretto
Tre uomini e una gamba
84%
Fantozzi
80%
Benvenuti al sud
75%
Cado dalle nubi
66%
Perfetti sconosciuti
64%
La grande bellezza
55%
Lo chiamavano Trinità
49%
La dolce vita
46%
Il postino
41%
Gomorra
40%
Mediterraneo
37%
Amici miei
25%
Viaggi di nozze
23%
Il mostro
21%
Ovosodo
16%
Miseria e nobiltà
15%

Distribuzione punteggi

Percentile per numero di risposta

Percentuale di utenti per punteggio

I tuoi punteggi nel tempo

Non hai fatto questo quiz